000 00583nam a2200241Ia 4500
003 GCL
008 140319s9999 xx 000 0 eng d
040 _aGCL /
_cGCL
082 0 4 _a420
_bB H
100 1 _aBURNLEY, DAVID
245 1 0 _aTHE HISTORY OF THE ENGLISH LANGUAGE /
_cBURNLEY, DAVID
260 _a[S.N] :
_bLONGMAN ،
_c1992
300 _a373 P
650 0 4 _aENGLISH LANGUAGE
650 0 4 _aHISTORY
650 0 4 _aDIALECT
650 0 4 _aTEXT
650 0 4 _aOLD ENGLISH
650 0 4 _aEARLY MODERN
650 0 4 _aSOURCES
650 0 4 _aMIDDLE ENGLISH
942 _2ddc
_cBK
999 _c25018
_d25018